00780nam a2200217 i 4500001000700000003000900007005001700016008004100033017001600074020002200090080003600112245013100148260007000279300002200349500003400371504003400405600003700439700002900476700003400505852002300539169257ES-MaACL20250415213645.0080826s2007 sp |||| | spa d aB-39.900-07 a978-84-96831-38-4 a929 Sacristán, Manuel (082.2)03aEl legado de un maestro b: homenaje a Manuel Sacristán / cSalvador López Arnal e Iñaki Vázquez Álvarez (editores). a[Barcelona] : bFundación de Investigaciones Marxistas, c2007. a323 p. ; c24 cm. aSubtítulo tomado de la cub. aReferencias bibliográficas.14aSacristán, Manuel, d1925-19851 aLópez Arnal, Salvador.1 aVázquez Álvarez, Iñaki.4 aES-MaACLjL-29734